Count to 10 in Nordic Laguages (hard) - Statistics

General Stats
  • This quiz has been taken 157 times
  • The average score is 40 of 120
Answer Stats
Answer % Correct
1 Én
94%
1 Ett
90%
3 Tre
87%
3 Tre
86%
9 Ni
85%
10 Ti
84%
5 Fem
83%
7 Sju
83%
1 En
79%
6 Sex
79%
2 Två
72%
1 Ein
71%
1 Einn
71%
7 Sju
69%
8 Åtta
65%
8 Átta
65%
2 To
65%
4 Fyra
64%
4 Fýra
64%
4 Fir
63%
1 Yksi
62%
2 Kaksi
61%
9 Nio
61%
6 Seks
61%
10 Tio
61%
3 Kolme
60%
2 Zwei
59%
3 Drei
56%
4 Fire
56%
5 Viisi
52%
4 Njeallje
50%
8 Åtte
48%
6 Kuusi
48%
8 Acht
47%
7 Sieben
47%
5 Fünf
46%
10 Kymmenen
46%
7 Seitsemän
45%
8 Kahdeksan
44%
4 Vier
44%
9 Yhdeksän
44%
4 Neljä
43%
1 Eins
42%
9 Neun
42%
6 Sechs
42%
8 Otte
41%
7 Syv
41%
2 Tveir
41%
10 Zehn
40%
9 Níu
15%
7 Sjö
12%
10 Tíu
12%
2 Kakši
11%
2 Tveir
11%
5 Fimm
9%
3 Þrír
8%
4 Fjórir
7%
5 Finf
5%
6 Kuuǯi
5%
10 Kymmenen
5%
1 Okta
5%
5 Viizi
5%
9 Yhekšän
4%
3 Golbma
3%
8 Kahekšan
3%
6 Guhtta
2%
2 Guokte
2%
10 Logi
2%
9 Níggju
2%
10 Tíggju
2%
5 Vihtta
2%
7 Čieža
1%
3 Dray
1%
9 En'a
1%
1 Eyns
1%
8 Gávcci
1%
2 Marluk
1%
4 Neljjä
1%
9 Ovcci
1%
8 Oxto
1%
7 Seiččemän
1%
7 Sjey
1%
3 Tríggir
1%
3 Trin
1%
10 Tsen
1%
2 Tsvey
1%
7 Zibn
1%
8 Akht
0%
7 Arfineq marluk
0%
8 Arfineq pingasut
0%
6 Arfinillit
0%
1 Ataseeq
0%
10 Desh
0%
2 Duy
0%
7 Efta
0%
9 Nayn
0%
5 Panj
0%
3 Pingasut
0%
10 Quilt
0%
9 Qulingiluat
0%
6 Shov
0%
4 Shtar
0%
4 Sisamat
0%
5 Tallimat
0%
1 Yek
0%
6 Zeks
0%
No matching quizzes found
Score Distribution
Percent of People with Each Score
Percentile by Number Answered
Your Score History
You have not taken this quiz